Crimping force / (Record no. 234573)

MARC details
000 -LEADER
fixed length control field 00440nam a22001577a 4500
003 - CONTROL NUMBER IDENTIFIER
control field OSt
005 - DATE AND TIME OF LATEST TRANSACTION
control field 20250710103743.0
008 - FIXED-LENGTH DATA ELEMENTS--GENERAL INFORMATION
fixed length control field 250702b |||||||| |||| 00| 0 eng d
040 ## - CATALOGING SOURCE
Transcribing agency AIMIT LIBRARY
100 ## - MAIN ENTRY--PERSONAL NAME
Personal name Crasta, Elisha.
Relator term 222107
9 (RLIN) 216894
245 ## - TITLE STATEMENT
Title Crimping force /
Statement of responsibility, etc. By Elisha Crasta.
260 ## - PUBLICATION, DISTRIBUTION, ETC.
Place of publication, distribution, etc. Mangalore ;
Date of publication, distribution, etc. 2024.
700 ## - ADDED ENTRY--PERSONAL NAME
Personal name Thirumalal, Kuppan.
Relator term Mentor
9 (RLIN) 216895
700 ## - ADDED ENTRY--PERSONAL NAME
Personal name B,Santhosh.
Relator term Guide
9 (RLIN) 216896
942 ## - ADDED ENTRY ELEMENTS (KOHA)
Source of classification or shelving scheme Dewey Decimal Classification
Koha item type Project Report
Holdings
Withdrawn status Lost status Source of classification or shelving scheme Damaged status Not for loan Collection code Home library Current library Date acquired Total Checkouts Barcode Date last seen Copy number Price effective from Koha item type
    Dewey Decimal Classification   Not for loan Project Report M.Sc. Data Science St Aloysius Institute of Management & Information Technology St Aloysius Institute of Management & Information Technology 07/01/2025   PDS00007 07/02/2025 222107 07/02/2025 Project Report